Explora Gaudí!
Descripción Física:
1 punt de llibre : il·lustracions ; 20 x 7 cm
Idioma:
Catalán
MARC
| LEADER | 00000nrm a2200000 a 4500 | ||
|---|---|---|---|
| 001 | 25731 | ||
| 003 | Arxiu | ||
| 005 | 20260324181116.0 | ||
| 008 | 220601b spa||||| |||| 00| 0 cat d | ||
| 017 | |a DL B 21249-2016 | ||
| 040 | |a NBM-13-183 | ||
| 245 | |a Explora Gaudí! | ||
| 260 | |a Barcelona : |b Palau Güell, |c 2016 | ||
| 300 | |a 1 punt de llibre : |b il·lustracions ; |c 20 x 7 cm | ||
| 610 | 2 | 0 | |a Palau Güell (Barcelona) |9 17034 |
| 655 | 0 | |a Punts de llibre |9 52700 | |
| 710 | 2 | |a Palau Güell (Barcelona) |9 17034 | |
| 942 | |2 udc |c ARXIU |n 1 | ||
| 952 | |0 0 |1 0 |4 0 |6 NBM13183 |7 1 |9 62123 |a Arxiu |b Arxiu |d 2022-06-01 |l 0 |o NBM-13-183 |p 25732 |r 2022-06-01 00:00:00 |w 2022-06-01 |y ARXIU | ||
| 999 | |c 81828 |d 81828 | ||